00557nam a22001817a 450000500170000001000150001702000260003203500130005803700130007108200100008410000140009424501160010825000060022426000380023027000590026830000290032770000190035620140415124050.0 aENG-109368 a9788178003085c225.00 aEN-92901 bDBAD/PUB a158.1 aRao, M.S. aSoar like eagles :cby M.S. Rao [and] M. Ganesh Sai; foreworded by John H. Zengerbsuccess tools for freshers / a  aHyderabadbBS Publications c2014 a4-4-309, Giriraj Lane, Sultan BazarbHyderabade500095 axxxiii,138p. c22cm(pbk) aSai, M. Ganesh